Els Serveis socials de la Generalitat
Publicado:
Barcelona :
Generalitat de Catalunya, Institut Català d'Assistència i Serveis Socials ,
1988
Descripción Física:
85 p. : il., col., maps. ; 30 cm
Materias:
Serveis socials -- Catalunya
MARC
| LEADER | 00000nam a2200000Ia 4500 | ||
|---|---|---|---|
| 001 | 9157 | ||
| 003 | BGR | ||
| 005 | 20260324175338.0 | ||
| 008 | 160829s1988 xx 000 0 cat d | ||
| 080 | |a S-1-5 | ||
| 245 | |a Els Serveis socials de la Generalitat | ||
| 260 | |a Barcelona : |b Generalitat de Catalunya, Institut Català d'Assistència i Serveis Socials, |c 1988 | ||
| 300 | |a 85 p. : |b il., col., maps. ; |c 30 cm | ||
| 650 | 0 | |a Serveis socials |z Catalunya |9 18033 | |
| 710 | |a Institut Català d'Assistència i Serveis Socials |9 57836 | ||
| 901 | |a Arxiu | ||
| 942 | |n 1 |2 udc |c MON | ||
| 952 | |0 0 |1 0 |4 0 |6 S15 |7 1 |9 44702 |a Arxiu |b Arxiu |d 2016-12-01 |l 0 |o S-1-5 |p 9157 |r 2016-12-01 00:00:00 |w 2016-12-01 |y ARXIU | ||
| 999 | |c 47283 |d 47283 | ||